<?xml version="1.0" encoding="UTF-8"?>
<record
    xmlns:xsi="http://www.w3.org/2001/XMLSchema-instance"
    xsi:schemaLocation="http://www.loc.gov/MARC21/slim http://www.loc.gov/standards/marcxml/schema/MARC21slim.xsd"
    xmlns="http://www.loc.gov/MARC21/slim">

  <leader>01316cam a2200277 a 4500</leader>
  <controlfield tag="001">000013255</controlfield>
  <controlfield tag="003">DO-SdBNP</controlfield>
  <controlfield tag="005">20251118123601.0</controlfield>
  <controlfield tag="008">000118s1999    ck a     b    100 0 spa d</controlfield>
  <datafield tag="020" ind1=" " ind2=" ">
    <subfield code="a">9586831027</subfield>
  </datafield>
  <datafield tag="040" ind1=" " ind2=" ">
    <subfield code="a">DO-SdBNP</subfield>
    <subfield code="b">spa</subfield>
    <subfield code="c">LC</subfield>
    <subfield code="d">BNPHU</subfield>
  </datafield>
  <datafield tag="049" ind1=" " ind2=" ">
    <subfield code="a">BNGR</subfield>
  </datafield>
  <datafield tag="082" ind1=" " ind2="4">
    <subfield code="a">334.2</subfield>
    <subfield code="b">C778f</subfield>
  </datafield>
  <datafield tag="245" ind1="0" ind2="4">
    <subfield code="a">Las cooperativas financieras y el desarrollo regional :</subfield>
    <subfield code="b">III seminario internacional, Colombia 1998 /</subfield>
    <subfield code="c">compiladores, editores,  Marietta Bucheli G., Ricardo D&#xE1;vila L. de G.</subfield>
  </datafield>
  <datafield tag="260" ind1=" " ind2=" ">
    <subfield code="a">Santa Fe de Bogot&#xE1;, Colombia :</subfield>
    <subfield code="b">Instituto de Estudios Rurales, Maestr&#xED;a en Desarrollo Rural, Facultad de Estudios Ambientales y Rurales, Pontificia Universidad Javeriana,</subfield>
    <subfield code="c">1999.</subfield>
  </datafield>
  <datafield tag="300" ind1=" " ind2=" ">
    <subfield code="a">168 p. :</subfield>
    <subfield code="b">il. ;</subfield>
    <subfield code="c">24 cm.</subfield>
  </datafield>
  <datafield tag="500" ind1=" " ind2=" ">
    <subfield code="a"> "Serie-IER-20 an&#xF5;s, Instituto de Estudios Rurales"--Cover.</subfield>
  </datafield>
  <datafield tag="500" ind1=" " ind2=" ">
    <subfield code="a">Incluye referencias bibliogr&#xE1;ficas.</subfield>
  </datafield>
  <datafield tag="650" ind1=" " ind2="0">
    <subfield code="a">Bancos cooperativos</subfield>
    <subfield code="z">Colombia</subfield>
    <subfield code="v">Congresos, conferencias, etc.</subfield>
    <subfield code="9">30704</subfield>
  </datafield>
  <datafield tag="650" ind1=" " ind2="0">
    <subfield code="a">Desarrollo rural</subfield>
    <subfield code="z">Colombia</subfield>
    <subfield code="v">Congresos, conferencias, etc.</subfield>
    <subfield code="9">22047</subfield>
  </datafield>
  <datafield tag="700" ind1="1" ind2=" ">
    <subfield code="a">Bucheli G., Marietta,</subfield>
    <subfield code="e">comp.</subfield>
    <subfield code="e">ed.</subfield>
    <subfield code="q">(Bucheli Gomez).</subfield>
    <subfield code="9">30451</subfield>
  </datafield>
  <datafield tag="700" ind1="1" ind2=" ">
    <subfield code="a">D&#xE1;vila L. de G., Ricardo,</subfield>
    <subfield code="e">comp.</subfield>
    <subfield code="e">ed.</subfield>
    <subfield code="9">30452</subfield>
  </datafield>
  <datafield tag="710" ind1="1" ind2=" ">
    <subfield code="a">Pontificia Universidad Javeriana.</subfield>
    <subfield code="b">Instituto de Estudios Rurales.</subfield>
    <subfield code="9">30453</subfield>
  </datafield>
  <datafield tag="910" ind1=" " ind2=" ">
    <subfield code="a">Catalogaci&#xF3;n por copia / LC</subfield>
  </datafield>
  <datafield tag="942" ind1=" " ind2=" ">
    <subfield code="2">ddc</subfield>
    <subfield code="c">LBS1</subfield>
  </datafield>
  <datafield tag="952" ind1=" " ind2=" ">
    <subfield code="0">0</subfield>
    <subfield code="1">0</subfield>
    <subfield code="5">4</subfield>
    <subfield code="7">0</subfield>
    <subfield code="8">MO</subfield>
    <subfield code="a">GR</subfield>
    <subfield code="b">GR</subfield>
    <subfield code="c">CT</subfield>
    <subfield code="d">2009-11-20</subfield>
    <subfield code="i">LF1</subfield>
    <subfield code="l">0</subfield>
    <subfield code="o">334.2 C778f</subfield>
    <subfield code="p">13255-10</subfield>
    <subfield code="r">2020-06-25</subfield>
    <subfield code="w">2020-06-25</subfield>
    <subfield code="y">4</subfield>
    <subfield code="Z">Pr&#xE9;stamo en sala</subfield>
  </datafield>
  <datafield tag="999" ind1=" " ind2=" ">
    <subfield code="c">12886</subfield>
    <subfield code="d">12886</subfield>
  </datafield>
</record>
